000 00612nam a2200229Ia 4500
003 OSt
005 20221007065027.0
006 a|||||r|||| 00| 0
007 ta
008 221006b |||||||| |||| 00| 0 eng d
024 _a15,802
037 _cTextual
040 _aFLL
_cFLL
_beng
041 _2eng
_aeng
082 _aX72N2,N75, L5
100 _aBhargava R. Au.
_9686559
245 0 _aTaxation year book and digest 1975
260 _aDelhi
_bTaxation pub. India
_c1975
300 _a270p
_ccm.
942 _hX72N2,N75, L5
_cTEXL
_2CC
999 _c1136104
_d1136104